| 000 | 00690nam a22002297a 4500 | ||
|---|---|---|---|
| 999 |
_c7927 _d7927 |
||
| 003 | AR-CdUCM | ||
| 008 | 190321b ||||| |||| 00| 0 spa d | ||
| 040 |
_aMUNICIPALIDAD PROVINCIAL DEL CUSCO _cBIBLIOTECA MUNICIPAL DEL CUSCO |
||
| 041 | _hrus | ||
| 082 |
_a510.9 / _bL62 |
||
| 100 |
_aLidski, V. B. _922402 |
||
| 245 | _aProblemas de matemáticas elementales / | ||
| 260 |
_aMoscú : _bMIR, _c1972. |
||
| 300 |
_a384 páginas ; _c22 cm. |
||
| 505 | _aÁlgebra -- Geometría -- Trigonométrica. | ||
| 650 |
_aMatemáticas _99398 |
||
| 700 |
_aOvsianikov, L. V. _922403 |
||
| 700 |
_aTulaikov, A. N. _922404 |
||
| 700 |
_aShabunin, M. I. _922405 |
||
| 942 |
_2ddc _cLIBROS |
||
| 945 | _aacv | ||